| 000 | 00403nam a22001457a 4500 | ||
|---|---|---|---|
| 082 |
_aM4 _bJAY/M |
||
| 100 |
_aK K Jayarajan _972267 |
||
| 245 |
_aManusham: _bSathravum Darshanavum Oramukham/ _cby K K Jayarajan |
||
| 260 |
_aPattambi: _bKaruna Press, _c2018. |
||
| 300 | _a84p. | ||
| 650 |
_aEssay Malayalam _972268 |
||
| 650 |
_aLiterature Malayalam _972269 |
||
| 650 |
_aLiterature _972270 |
||
| 942 | _cBK | ||
| 999 |
_c139560 _d139560 |
||